| 000 | 00000nas 2200000za 4500 |
| 001 | 9.501133 |
| 003 | CaOODSP |
| 005 | 20200325104247 |
| 007 | cr ||||||||||| |
| 008 | 150406u19969999onc x m o||||f| |0fre|d |
| 040 | |aCaOODSP|bfre |
| 043 | |an-cn--- |
| 086 | 1 |aSC94-61F-PDF |
| 110 | 1 |aCanada.|bCentre canadien de gestion. |
| 245 | 10|aRapport de recherche (Centre canadien de gestion) |h[ressource électronique]. |
| 260 | |a[Ottawa] : |bCentre canadien de gestion. |
| 310 | |aIrrégulier |
| 775 | 08|tResearch paper (Canadian Centre for Management Development) |w(CaOODSP)9.504493 |
| 776 | 0#|tResearch paper |w(CaOODSP)9.509634 |
| 776 | 0#|tRapport de recherche |w(CaOODSP)9.509635 |